000 00486nam a2200169 i 4500
001 122622
003 ES-MaACL
005 20230906192018.0
007 t|
008 070214s1984 sp af |||| | spa d
100 1 _aPuig, Jaime J.
_994230
245 1 0 _aHistoria de la Guardia Civil /
_cJaime J. Puig.
260 _aBarcelona :
_bMitre,
_c1984.
300 _a419 p., 8 lám. :
_bil. ;
_c21 cm.
610 1 4 _aEspaña.
_bGuardia Civil-
_vHistoria.
_9167582
852 _aES-MaACL
_jL-6549
999 _c122622
_d122622